حرية الصحافة / (Record no. 24039)

MARC details
000 -الفاتح
حقل البيانات ثابتة الطول 01062nam a22002775a 4500
003 - محدد رقم الضبط
رقم الضبط OSt
005 - وقت وتاريخ اخر تعامل مع التسجيلة
رقم الضبط 20170131140214.0
008 - عناصر البيانات ثابتة الطول - معلومات عامة
حقل البيانات ثابتة الطول 160922s2014 ua frb 000 0 ara d
020 ## - الرقم الدولى المعيارى للكتب
الرقم الدولى المعيارى للكتاب 9789770475553
040 ## - مصدر الفهرسة
وكالة الفهرسة الأصلية EG-ScBUE
لغة الفهرسة ara
وكالة النسخ EG-ScBUE
وكالة التعديل EG-ScBUE
043 ## - رمز المنطقة الجغرافية
رمز المنطقة الجغرافية f-ua---
082 04 - رقم تصنيف ديوى العشرى
رقم التصنيف 343.620998
رقم المادة ع ب د
رقم الطبعة 22
100 1# - المدخل الرئيسى - إسم شخصى
الإسم الشخصى عبد الله، أميرة إبراهيم.
245 10 - بيان العنوان
العنوان حرية الصحافة /
بيان المسئوليه,etc أميرة إبراهيم عبد الله.
250 ## - بيان الطبعة
بيان الطبعة ط. 1.
260 ## - PUBLICATION, DISTRIBUTION, ETC. (IMPRINT)
مكان الناشر او الموزع القاهرة :
اسم الناشر او الموزع دار النهضة العربية،
تاريخ النشر أو التوزيع 2014.
300 ## - الوصف المادى
التعداد مج. 3 ؛
أبعاد الوعاء 24 سم.
504 ## - تبصرة ببليوجرافية
تبصرة ببليوجرافية,الخ يشتمل على إرجاعات ببليوجرافية.
505 2# - تبصرة محتويات-الفهرس
تبصرة المحتويات المصاغة مج. 3. جرائم النشر ومسؤولية الصحفي.
650 #7 - المدخل الاضافى بالموضوع-مصطلح موضوعى
مصطلح موضوعي أو اسم جغرافي كعنصر مدخل الصحافة
التقسيم الفرعي العام قوانين وتشريعات
التقسيم الفرعي الجغرافي مصر.
مصدر الرأس أو المصطلح BUEsh
650 #7 - المدخل الاضافى بالموضوع-مصطلح موضوعى
مصطلح موضوعي أو اسم جغرافي كعنصر مدخل جرائم النشر
التقسيم الفرعي العام قوانين وتشريعات
التقسيم الفرعي الجغرافي مصر.
مصدر الرأس أو المصطلح BUEsh
650 #7 - المدخل الاضافى بالموضوع-مصطلح موضوعى
مصطلح موضوعي أو اسم جغرافي كعنصر مدخل حرية الصحافة
التقسيم الفرعي العام قوانين وتشريعات
التقسيم الفرعي الجغرافي مصر.
مصدر الرأس أو المصطلح BUEsh
651 ## - المدخل الاضافى بالموضوع - اسم جغرافى
مصدر الرأس أو المصطلح BUEsh
653 ## - مصطلح تكشيفى غير مقيد
Resource For college Law
Arrived date list January2017
942 ## - عناصر المدخل الإضافي( كوها)
مصدر التصنيف او مخطط الترفيف Dewey Decimal Classification
Holdings
حالة التراجع حالة الفقد مصدر التصنيف او خطة الترفيف تحديد مواد ( مجلدات مجمعه أو جزء أخر) حالة تلف ليس للاعارة مجموعات كوها المكان الدائم المكان الحالي موقع الترفيف تاريخ الاكتساب Source of acquisition سعر الشراء الطبيعي تعداد مسلسل / التسلسل الزمني رقم الاستدعاء الباركود Date last seen مُعار التكلفة نوع الوعاء
  Lost Dewey Decimal Classification Lost_In_Inventory_12-2-2024     دار النهضة العربية Central Library Central Library First floor 30/01/2017 Purchase 30.00 2815 343.620998 ع ب د 000045326 24/08/2022 05/08/2018 37.50 Book - Borrowing
    Dewey Decimal Classification       دار النهضة العربية Central Library Central Library First floor 30/01/2017 Purchase 30.00 2815 343.620998 ع ب د 000045327 15/07/2025   37.50 Book - Borrowing